AFRICAN JOURNAL OF HOUSING AND SUSTAINABLE DEVELOPMENT (Record no. 37235)

MARC details
000 -LEADER
fixed length control field 00606nam a2200145Ia 4500
022 ## - INTERNATIONAL STANDARD SERIAL NUMBER
ISSN 2805-3346
050 ## - CALL MARK
Classification number HD7287 .A37/
245 ## - TITLE STATEMENT
Title AFRICAN JOURNAL OF HOUSING AND SUSTAINABLE DEVELOPMENT
250 ## - EDITION / VOLUME STATEMENT
Edition / Volume statement Vol. 5 No. 5
260 ## - PUBLICATION, DISTRIBUTION, ETC. (IMPRINT)
Place of publication University of Lagos
Name of publisher African Journal of Housing and Sustainable
Year of publication 2024
300 ## - PHYSICAL DESCRIPTION
Number of Pages ii, 96 p. ill.: 25 cm
650 ## - SUBJECT ADDED ENTRY--TOPICAL TERM
Topical Term Housing--Environmental aspects Housing policy--Environmental aspects Housing development--Environmental aspects Residential real estate--Environmental aspects Ecological houses Sustainable development
942 ## - ADDED ENTRY ELEMENTS (KOHA)
Koha item type Serials
Source of classification Library of Congress Classification

No items available.